[Event "GER CM05-A email"]
[Site "GER email"]
[Date "2018.06.19"]
[Round "?"]
[White "Schmidt, Horst W"]
[Black "Mostowik, Daniel"]
[Result "1/2-1/2"]
[WhiteElo "2362"]
[BlackElo "2396"]
[PlyCount "89"]
[EventDate "2018.??.??"]
[EventType "tourn (corr)"]
[EventRounds "10"]
[EventCountry "GER"]
[SourceTitle "Corr 2020"]
[Source "ChessBase"]
[SourceDate "2019.09.30"]
[SourceVersion "1"]
[SourceVersionDate "2019.09.30"]
[SourceQuality "1"]

1. d4 Nf6 2. c4 e6 3. Nf3 d5 4. Nc3 c6 5. e3 Nbd7 6. Qc2 Bd6 7. Bd3 dxc4 8. Bxc4 0-0 9. 0-0 b5 10. Bd3 Bb7 11. e4 e5 12. dxe5 Nxe5 13. Nxe5 Bxe5 14. h3 Re8 15. Bg5 h6 16. Be3 Qc7 17. Rae1 a6 18. f4 Bxc3 19. bxc3 c5 20. e5 Nd5 21. Qb2 Rad8 22. Bb1 Nxe3 23. Rxe3 c4 24. Kh2 Bc8 25. Qc2 g6 26. Qf2 Bf5 27. Bxf5 gxf5 28. a4 Kh8 29. axb5 axb5 30. Rfe1 Qb6 31. Qf3 Kh7 32. Qh5 Qe6 33. Rb1 Rd5 34. Ra1 Rg8 35. Ra7 Rg7 36. Qe2 Qb6 37. Ra2 Rg6 38. Rd2 Qc6 39. Rxd5 Qxd5 40. Qc2 Kg7 41. Re1 h5 42. Rd1 Qe4 43. Qf2 Qb7 44. Rd2 Qc6 45. Rb2 1/2-1/2

[Event "GER CM05-A email"]
[Site "GER email"]
[Date "2018.06.19"]
[Round "?"]
[White "Schmidt, Horst W"]
[Black "Simal Moreira, Leonardo"]
[Result "1/2-1/2"]
[WhiteElo "2362"]
[BlackElo "2384"]
[PlyCount "81"]
[EventDate "2018.??.??"]
[EventType "tourn (corr)"]
[EventRounds "10"]
[EventCountry "GER"]
[SourceTitle "Corr 2020"]
[Source "ChessBase"]
[SourceDate "2019.09.30"]
[SourceVersion "1"]
[SourceVersionDate "2019.09.30"]
[SourceQuality "1"]

1. d4 Nf6 2. c4 e6 3. Nf3 d5 4. Nc3 c6 5. e3 Nbd7 6. Qc2 Bd6 7. b3 0-0 8. Be2 b6 9. 0-0 Bb7 10. Bb2 Qe7 11. Rfd1 Rac8 12. Rac1 Rfd8 13. Bd3 h6 14. Qe2 e5 15. dxe5 Nxe5 16. cxd5 Nxd3 17. Qxd3 Qe8 18. Nd4 cxd5 19. Nce2 Qe5 20. Ng3 Ne4 21. Qb1 Nxg3 22. hxg3 Qg5 23. a4 Rxc1 24. Rxc1 Rc8 25. Rxc8+ Bxc8 26. Qa1 Bd7 27. a5 Qd8 28. Ne2 f6 29. Qd1 Be6 30. axb6 Qxb6 31. Bd4 Qb7 32. Qc2 Bf7 33. f3 h5 34. Kf2 a5 35. Bc3 d4 36. Nxd4 Qc7 37. f4 Bc5 38. Qe4 Bxd4 39. Qxd4 Bxb3 40. Qe4 Qd8 41. Qf5 1/2-1/2

[Event "GER CM05-A email"]
[Site "GER email"]
[Date "2018.06.19"]
[Round "?"]
[White "Volodarsky, Yury Aleksandrovic"]
[Black "Schmidt, Horst W"]
[Result "1/2-1/2"]
[WhiteElo "2379"]
[BlackElo "2362"]
[PlyCount "59"]
[EventDate "2018.??.??"]
[EventType "tourn (corr)"]
[EventRounds "10"]
[EventCountry "GER"]
[SourceTitle "Corr 2020"]
[Source "ChessBase"]
[SourceDate "2019.09.30"]
[SourceVersion "1"]
[SourceVersionDate "2019.09.30"]
[SourceQuality "1"]

1. e4 c5 2. Nf3 d6 3. d4 cxd4 4. Nxd4 Nf6 5. Nc3 a6 6. h3 e5 7. Nb3 Be6 8. Be3 Be7 9. f4 0-0 10. f5 Bxb3 11. axb3 d5 12. exd5 Bb4 13. Qd3 e4 14. Qd4 Bxc3+ 15. bxc3 Qxd5 16. g4 Nc6 17. Qxd5 Nxd5 18. Kd2 Rad8 19. c4 Nxe3+ 20. Kxe3 Rfe8 21. Rh2 g6 22. Rf2 Nb4 23. Bg2 b5 24. Bxe4 bxc4 25. bxc4 Nc6 26. fxg6 hxg6 27. Rxa6 Rd4 28. Rxc6 Rexe4+ 29. Kf3 Rxc4 30. Rxc4 1/2-1/2